| 000 | 00771nam a2200253Ia 4500 | ||
|---|---|---|---|
| 005 | 20250425162537.0 | ||
| 008 | 250425s9999 xx 000 0 und d | ||
| 020 | _a1558605770 | ||
| 041 | _aeng | ||
| 043 | _axxu | ||
| 082 |
_a004.65 _pPET |
||
| 100 | _aPeterson, Larry L. | ||
| 245 | 0 |
_aComputer Networks _bA Systems Approach _cLarry L. Peterson, Bruce S. Davie |
|
| 250 | _aSegunda ed. | ||
| 260 |
_aEstados Unidos, San Francisco _bMorgan Kaufmann Publishers _c2000 |
||
| 300 |
_a748 p. _bIlustrado _c24 cm |
||
| 500 | _aIncluye tabla de contenido, glosario, bibliografia, indice | ||
| 650 | _aRedes de ordenadores | ||
| 650 | _aSeguridad de redes | ||
| 650 | _aTransmisión de datos | ||
| 902 |
_aMonográfico _cImpreso |
||
| 942 | _c01 | ||
| 010 | _a84531 | ||
| 999 |
_c231388 _d231388 |
||